Universidades Públicas, régimen jurídico: (Registro nro. 160646)
[ vista simple ]
| 000 -LEADER | |
|---|---|
| fixed length control field | 01527nam a2200313 i 4500 |
| 008 - FIXED-LENGTH DATA ELEMENTS--GENERAL INFORMATION | |
| fixed length control field | 081017s2008 sp 000 0 spa d |
| 017 ## - | |
| -- | M-21.993-2008 |
| 020 ## - INTERNATIONAL STANDARD BOOK NUMBER | |
| International Standard Book Number | 9788473512749 |
| 035 ## - | |
| -- | 5527 |
| 040 ## - CATALOGING SOURCE | |
| Original cataloging agency | SpMaUCDE |
| Modifying agency | BUS |
| -- | vLex |
| 080 ## - | |
| -- | 378.4:351.851(460) |
| 090 ## - | |
| -- | 2214 |
| -- | 2214 |
| 100 1# - MAIN ENTRY--PERSONAL NAME | |
| Personal name | Peña Callejas, Pilar. |
| 245 10 - TITLE STATEMENT | |
| Title | Universidades Públicas, régimen jurídico: |
| Remainder of title | informes sobre casos prácticos / |
| Statement of responsibility, etc | Pilar Peña Callejas. |
| Medium | [Recurso electrónico] |
| 256 ## - | |
| -- | Servicio en línea. |
| 260 ## - PUBLICATION, DISTRIBUTION, ETC. (IMPRINT) | |
| Place of publication, distribution, etc | Madrid : |
| Name of publisher, distributor, etc | Instituto Nacional de Administración Pública, |
| Date of publication, distribution, etc | 2008. |
| 300 ## - PHYSICAL DESCRIPTION | |
| Extent | 389 p. ; |
| Dimensions | 24 cm. |
| 490 1# - SERIES STATEMENT | |
| Series statement | Estudios y documentos / Instituto Nacional de Administración Pública |
| 506 1# - RESTRICTIONS ON ACCESS NOTE | |
| Terms governing access | Contenido solo disponible en los productos indicados |
| Authorized users | vLex Global |
| -- | vLex Global (Academic Edition, excluding Law Schools) |
| -- | vLex Global (U.S. Academic Edition, Law Schools) |
| -- | vLex Global (U.S. Academic Edition, excluding Law Schools) |
| -- | vLex Global (Academic Edition, Law Schools) |
| 650 07 - SUBJECT ADDED ENTRY--TOPICAL TERM | |
| Topical term or geographic name as entry element | Educación |
| Source of heading or term | Tesauro vLex |
| 650 07 - SUBJECT ADDED ENTRY--TOPICAL TERM | |
| Source of heading or term | Tesauro vLex |
| Topical term or geographic name as entry element | Educación pública |
| 650 07 - SUBJECT ADDED ENTRY--TOPICAL TERM | |
| Source of heading or term | Tesauro vLex |
| Topical term or geographic name as entry element | Universidades |
| 710 2# - ADDED ENTRY--CORPORATE NAME | |
| Corporate name or jurisdiction name as entry element | Instituto Nacional de Administración Pública (España) |
| 740 0# - | |
| -- | vLex Libros (Servicio en línea) |
| 810 2# - | |
| -- | Instituto Nacional de Administración Pública (España). |
| -- | Estudios y documentos |
| 856 40 - LOCALIZACIÓN Y ACCESO ELECTRÓNICO | |
| Identificador Uniforme del Recurso (URI/URL) | https://app.vlex.com/#/sources/universidades-puublicas-regimen-juridico-informes-casos-practicos-5527 |
| 942 ## - | |
| -- | RAA |
| 999 ## - | |
| -- | 160646 |
| -- | 160646 |
No hay ítems disponibles.